<?xml version='1.0' encoding='UTF-8'?>
  <record xmlns="http://www.loc.gov/MARC21/slim">
    <leader>00000cam a22000007i 4500</leader>
    <controlfield tag="001">ocm66839080</controlfield>
    <controlfield tag="003">OCoLC</controlfield>
    <controlfield tag="005">20240807145807.2</controlfield>
    <controlfield tag="008">031214s1571    sz ab         001 0 lat d</controlfield>
    <datafield tag="040" ind1=" " ind2=" ">
      <subfield code="a">NLGGC</subfield>
      <subfield code="b">eng</subfield>
      <subfield code="e">rda</subfield>
      <subfield code="e">dcrmr</subfield>
      <subfield code="c">NLGGC</subfield>
      <subfield code="d">QGJ</subfield>
      <subfield code="d">OCLCO</subfield>
      <subfield code="d">OCLCL</subfield>
      <subfield code="d">OCLCQ</subfield>
    </datafield>
    <datafield tag="029" ind1="0" ind2=" ">
      <subfield code="a">NLGGC</subfield>
      <subfield code="b">25781471X</subfield>
    </datafield>
    <datafield tag="035" ind1=" " ind2=" ">
      <subfield code="a">(OCoLC)66839080</subfield>
    </datafield>
    <datafield tag="100" ind1="1" ind2=" ">
      <subfield code="a">Caesar, Julius,</subfield>
      <subfield code="e">author.</subfield>
      <subfield code="4">aut</subfield>
    </datafield>
    <datafield tag="240" ind1="1" ind2="0">
      <subfield code="a">Works.</subfield>
      <subfield code="f">1571</subfield>
    </datafield>
    <datafield tag="245" ind1="1" ind2="0">
      <subfield code="a">C. Julii Caesaris Commentarii /</subfield>
      <subfield code="c">post omnes omnium editiones accurata sedulitate &amp; summa denuo vigilantia ex multorum tam veterum, quàm neotericorum exemplarium collatione emendati, &amp; studiosissime recogniti à Joanne Rosseto Aurimontano. hisce, cum locorum, urbium &amp; populorum nominibus, &amp; expositionibus, ac item rerum, &amp; verborum copiosißimo indice, acceæit variarum lectionum libellus perquam utilis, eodem Rosseto collectore.</subfield>
    </datafield>
    <datafield tag="246" ind1="3" ind2="0">
      <subfield code="a">Commentarii</subfield>
    </datafield>
    <datafield tag="246" ind1="3" ind2=" ">
      <subfield code="a">C. Jvlii Caesaris Commentarii</subfield>
    </datafield>
    <datafield tag="264" ind1=" " ind2="1">
      <subfield code="a">Lausannæ :</subfield>
      <subfield code="b">Excudebat Joannes Probus, Illustrißimorum Dominorum Bernensium in civitate Lausannensi Typographus.,</subfield>
      <subfield code="c">M.D.LXXI. [1571]</subfield>
    </datafield>
    <datafield tag="300" ind1=" " ind2=" ">
      <subfield code="a">[20], 256, [36] pages :</subfield>
      <subfield code="b">illustrations, maps ;</subfield>
      <subfield code="c">34 cm (folio)</subfield>
    </datafield>
    <datafield tag="336" ind1=" " ind2=" ">
      <subfield code="a">text</subfield>
      <subfield code="b">txt</subfield>
      <subfield code="2">rdacontent</subfield>
    </datafield>
    <datafield tag="337" ind1=" " ind2=" ">
      <subfield code="a">unmediated</subfield>
      <subfield code="b">n</subfield>
      <subfield code="2">rdamedia</subfield>
    </datafield>
    <datafield tag="338" ind1=" " ind2=" ">
      <subfield code="a">volume</subfield>
      <subfield code="b">nc</subfield>
      <subfield code="2">rdacarrier</subfield>
    </datafield>
    <datafield tag="340" ind1=" " ind2=" ">
      <subfield code="m">folio</subfield>
      <subfield code="2">rdabf</subfield>
    </datafield>
    <datafield tag="500" ind1=" " ind2=" ">
      <subfield code="a">Head-pieces; tail-pieces; historiated initials.</subfield>
    </datafield>
    <datafield tag="500" ind1=" " ind2=" ">
      <subfield code="a">In the preliminary work, four woodcuts with explanations by Joannes Jucundus.</subfield>
    </datafield>
    <datafield tag="500" ind1=" " ind2=" ">
      <subfield code="a">The anonymous Bellum Africum and Bellum Hispaniense, and Aulus Hirtius' Bellum Alexandrinum and his continuation of Caesar's De bello Gallico, all traditionally included in the Caesarian corpus, are present in this edition.</subfield>
    </datafield>
    <datafield tag="500" ind1=" " ind2=" ">
      <subfield code="a">Also contains a letter from Paulus Manutius to Paulus Rhamnusius Jo. Baptistae filium "de historiæ laudibus", and: Veterum Galliae locorum, populorum, urbium, montium, ac fluviorum alphabetica descriptio, eorum maximè, quæ apud Cæsarem in Commentariis sunt &amp; apud Cornelium Tacitum, auctore Raymundo Marliano.</subfield>
    </datafield>
    <datafield tag="500" ind1=" " ind2=" ">
      <subfield code="a">Includes index.</subfield>
    </datafield>
    <datafield tag="500" ind1=" " ind2=" ">
      <subfield code="a">Signatures: [Aleph]⁴ A⁶ A-Z⁴ Aa-Mm⁴ Nn⁶ (Nn6 blank).</subfield>
    </datafield>
    <datafield tag="500" ind1=" " ind2=" ">
      <subfield code="a">Page 5 misnumbered 7; page 38 misnumbered 39; page 106 misnumbered 116; page 159 misnumbered 158; page 181 misnumbered 101; page 188 misnumbered 488; page 232 misnumbered 832; page 233 misnumbered 231;</subfield>
    </datafield>
    <datafield tag="510" ind1="4" ind2=" ">
      <subfield code="a">Adams, H.M. Catalogue of books printed on the continent of Europe, 1501-1600, in Cambridge libraries,</subfield>
      <subfield code="c">C 55</subfield>
    </datafield>
    <datafield tag="510" ind1="4" ind2=" ">
      <subfield code="a">Index Aureliensis,</subfield>
      <subfield code="c">128.778</subfield>
    </datafield>
    <datafield tag="651" ind1=" " ind2="0">
      <subfield code="a">Gaul</subfield>
      <subfield code="x">History</subfield>
      <subfield code="y">Gallic Wars, 58-51 B.C.</subfield>
    </datafield>
    <datafield tag="651" ind1=" " ind2="0">
      <subfield code="a">Rome</subfield>
      <subfield code="x">History</subfield>
      <subfield code="y">Republic, 265-30 B.C.</subfield>
    </datafield>
    <datafield tag="651" ind1=" " ind2="0">
      <subfield code="a">Rome</subfield>
      <subfield code="x">History, Military</subfield>
      <subfield code="y">265-30 B.C.</subfield>
    </datafield>
    <datafield tag="651" ind1=" " ind2="6">
      <subfield code="a">Gaule</subfield>
      <subfield code="x">Histoire</subfield>
      <subfield code="y">58-51 av. J.-C. (Guerre des Gaules)</subfield>
    </datafield>
    <datafield tag="651" ind1=" " ind2="6">
      <subfield code="a">Rome</subfield>
      <subfield code="x">Histoire</subfield>
      <subfield code="y">265-30 av. J.-C. (République)</subfield>
    </datafield>
    <datafield tag="651" ind1=" " ind2="6">
      <subfield code="a">Rome</subfield>
      <subfield code="x">Histoire militaire</subfield>
      <subfield code="y">265-30 av. J.-C.</subfield>
    </datafield>
    <datafield tag="651" ind1=" " ind2="7">
      <subfield code="a">Europe</subfield>
      <subfield code="z">Gaul</subfield>
      <subfield code="2">fast</subfield>
      <subfield code="1">https://id.oclc.org/worldcat/entity/E39PBJktkDWC7G8VyHQCpvBByd</subfield>
    </datafield>
    <datafield tag="651" ind1=" " ind2="7">
      <subfield code="a">Rome (Empire)</subfield>
      <subfield code="2">fast</subfield>
    </datafield>
    <datafield tag="647" ind1=" " ind2="7">
      <subfield code="a">Gallic Wars</subfield>
      <subfield code="c">(Gaul :</subfield>
      <subfield code="d">58-51 B.C.)</subfield>
      <subfield code="2">fast</subfield>
      <subfield code="0">(OCoLC)fst01353154</subfield>
      <subfield code="1">https://id.oclc.org/worldcat/entity/E39Qhp4vB9x3qQ9v6jFgrpMMcX</subfield>
    </datafield>
    <datafield tag="648" ind1=" " ind2="7">
      <subfield code="a">265-30 B.C</subfield>
      <subfield code="2">fast</subfield>
    </datafield>
    <datafield tag="655" ind1=" " ind2="7">
      <subfield code="a">History</subfield>
      <subfield code="2">fast</subfield>
    </datafield>
    <datafield tag="655" ind1=" " ind2="7">
      <subfield code="a">Military history</subfield>
      <subfield code="2">fast</subfield>
    </datafield>
    <datafield tag="700" ind1="1" ind2="2">
      <subfield code="i">Container of (work):</subfield>
      <subfield code="a">Caesar, Julius.</subfield>
      <subfield code="t">De bello Gallico.</subfield>
    </datafield>
    <datafield tag="700" ind1="1" ind2="2">
      <subfield code="i">Container of (work):</subfield>
      <subfield code="a">Caesar, Julius.</subfield>
      <subfield code="t">De bello civili.</subfield>
    </datafield>
    <datafield tag="700" ind1="1" ind2="2">
      <subfield code="i">Container of (work):</subfield>
      <subfield code="a">Hirtius, Aulus.</subfield>
      <subfield code="t">Bellum Alexandrinum.</subfield>
    </datafield>
    <datafield tag="700" ind1="1" ind2="2">
      <subfield code="i">Container of (work):</subfield>
      <subfield code="a">Marlianus, Raimundus,</subfield>
      <subfield code="d">approximately 1420-1475.</subfield>
      <subfield code="t">Index commentariorum G. Julii Caesaris.</subfield>
    </datafield>
    <datafield tag="700" ind1="1" ind2=" ">
      <subfield code="a">Manuzio, Paolo,</subfield>
      <subfield code="d">1512-1574,</subfield>
      <subfield code="e">correspondent.</subfield>
      <subfield code="4">crp</subfield>
      <subfield code="1">https://id.oclc.org/worldcat/entity/E39PBJrm87HDchFqdp4yCRYwYP</subfield>
    </datafield>
    <datafield tag="700" ind1="1" ind2=" ">
      <subfield code="a">Ramusio, Paolo,</subfield>
      <subfield code="d">1532-1600,</subfield>
      <subfield code="e">addressee.</subfield>
      <subfield code="4">rcp</subfield>
      <subfield code="1">https://id.oclc.org/worldcat/entity/E39PCjB7JjvK7WX66XQBMtpjcq</subfield>
    </datafield>
    <datafield tag="700" ind1="1" ind2=" ">
      <subfield code="a">Rossetus, Joannes,</subfield>
      <subfield code="e">editor.</subfield>
      <subfield code="4">edt</subfield>
    </datafield>
    <datafield tag="700" ind1="1" ind2=" ">
      <subfield code="a">Giocondo, Giovanni,</subfield>
      <subfield code="d">approximately 1433-1515,</subfield>
      <subfield code="e">writer of supplementary textual content.</subfield>
      <subfield code="4">wst</subfield>
      <subfield code="1">https://id.oclc.org/worldcat/entity/E39PBJtxmKfM49GPpkw3tGppT3</subfield>
    </datafield>
    <datafield tag="700" ind1="1" ind2=" ">
      <subfield code="a">Le Preux, Jean,</subfield>
      <subfield code="d">-1609,</subfield>
      <subfield code="e">printer.</subfield>
      <subfield code="4">prt</subfield>
      <subfield code="1">https://id.oclc.org/worldcat/entity/E39PBJmDp9yFxc894Tf9Wyc3wC</subfield>
    </datafield>
    <datafield tag="730" ind1="0" ind2="2">
      <subfield code="i">Container of (work):</subfield>
      <subfield code="a">Bellum Africum.</subfield>
    </datafield>
    <datafield tag="730" ind1="0" ind2="2">
      <subfield code="i">Container of (work:</subfield>
      <subfield code="a">Bellum Hispaniense.</subfield>
    </datafield>
    <datafield tag="740" ind1="0" ind2=" ">
      <subfield code="a">Veterum Galliae locorum, populorum, urbium, montium, ac fluviorum alphabetica descriptio, eorum maximè, quæ apud Cæsarem in Commentariis sunt &amp; apud Cornelium Tacitum</subfield>
    </datafield>
    <datafield tag="752" ind1=" " ind2=" ">
      <subfield code="a">Switzerland</subfield>
      <subfield code="b">Lausanne,</subfield>
      <subfield code="e">publication place.</subfield>
      <subfield code="4">pup</subfield>
    </datafield>
  </record>